000 00633nam a2200205 i 4500
001 134312
003 ES-MaACL
005 20250804012624.0
007 t|
008 070907s1957 sp ||||1| spa d
100 1 _aWhite, Harry.
_9116661
245 1 0 _aOnassis (rey del oro negro) /
_cpor Harry White ; [traducido del alemán por Ernesto Salcedo].
250 _a1ª ed.
260 _aBarcelona :
_bA. H. R.,
_c1957.
300 _a244 p. ;
_c20 cm.
600 1 4 _aOnassis, Aristóteles Sócrates,
_d1906-1975
_987053
700 1 _aSalcedo, Ernesto.
_9101839
852 _aES-MaACL
_jC-13844
_bR.41530
999 _c134312
_d134312